000 00568nam a22001817a 4500
999 _c196189
_d196189
005 20230606113042.0
010 _aENG-137092
020 _a9789385471865
_c175.00
035 _aEN-120624
037 _bDBAD/PUB
082 _a158.1
100 _aRaju C.S.
245 _aStop Wasting Life Start Testing Happiness:
_cby C.S. Raju
260 _aChennai
_bUnique media intergrators
_c2018
270 _aNo. 6th Cross, 8th Main Road, Vaishnavi Nagar, Thirumullaivoyal
_bChennai
_e600109
300 _a200p.;
_c20cm(pbk)
942 _2ddc
_cEN
_mRAJ
_h158.1